000 00877nam a2200277 a 4500
001 63137
003 BD-RjUL
005 20211209081149.0
008 170128s1979 mau b 001 0 eng d
020 _a0805767509
035 _a(BD-RjUL)63265
040 _aBD-RjUL
_cBD-RjUL
_dBD-RjUL
_beng
041 _aeng
082 0 0 _a821.2
_223
_bREW 1979
100 1 _aReiss, Edmund.
_9187862
245 0 0 _aWilliam Dunbar /
_cby Edmund Reiss.
260 _aBoston :
_bTwayne Publishers,
_c1979.
300 _a183 p. ;
_c21 cm.
490 0 _aTwayne's English authors series ; TEAS 257
504 _aIncludes bibliography and index.
600 1 0 _aDunbar, William,
_d1460?-1520?
_xCriticism and interpretation.
_9187866
651 0 _aScotland
_xIn literature.
_9187864
830 _aTwayne's English authors series ; TEAS 257
_9187867
942 _2ddc
_cBK
999 _c63137
_d63137